| 000 | 00361cam a2200145ua 4500 | ||
|---|---|---|---|
| 041 |
_aeng _h |
||
| 082 |
_a828.09 _bSUT/EN |
||
| 100 | _aSutherland, James . | ||
| 245 |
_aEnglish prose / _cJames Sutherland. _hTextual Documents |
||
| 260 |
_a : _bUniversity of Toronto Press , _c1960. |
||
| 300 | _a123 ; . | ||
| 504 | _a | ||
| 942 | _cBK | ||
| 999 |
_c12558 _d12558 |
||